ARRUPE JESUIT UNIVERSITY

CORONAVIRUS -STOP THE SPREAD - CLEAN,DISINFECT,COVER
Normal view MARC view

Entry Uniform Title

Number of records used in: 1

001 - CONTROL NUMBER

  • control field: 44545

003 - CONTROL NUMBER IDENTIFIER

  • control field: ARRUPE

005 - DATE AND TIME OF LATEST TRANSACTION

  • control field: 20190212113304.0

008 - FIXED-LENGTH DATA ELEMENTS

  • fixed length control field: 190212|| aca||aabn | a|a d

040 ## - CATALOGING SOURCE

  • Original cataloging agency: ARRUPE
  • Transcribing agency: ARRUPE

130 ## - HEADING--UNIFORM TITLE

  • Uniform title: Bible.
  • Name of part/section of a work: Luke
  • General subdivision: Criticism, interpretation, etc.
  • General subdivision: History
  • Chronological subdivision: 20th century.

670 ## - SOURCE DATA FOUND

  • Source citation: Work cat.: (ARRUPE)0: Powell, Mark Allan, 1953- 44543, What are they saying about Luke? /, c1989.

 

Arrupe Library. PO Box MP320 Mt Pleasant, Harare, Zimbabwe
263 242 745411|librarian@aju.ac.zw